000 00540nam a2200217 454500
001 068623
003 BD-ChCU
008 Eng
020 _ax
040 _aDLC
_cDLC
_dBD-ChCU
082 0 0 _a182/GLT
100 1 _aGlacken, Clarence J.
_bx
245 1 0 _aTraces on the Rhodian shore
_bNature adn culture in western thougth ......century
250 _ax
260 _aBerkeley
_bC.U. Press
_c1967
300 _axxviii, 763
504 _ax
650 0 _aPhilosophy, Greek.
_bPhilosophy, Greek.
700 1 _ax
942 _2ddc
_cBK
999 _c68623
_d68623